Consultation on the UK implementation of the EU Timber Regulation (Record no. 114806)

MARC details
000 -LEADER
fixed length control field 01152cad a22002055a 4500
001 - CONTROL NUMBER
control field L157505
008 - FIXED-LENGTH DATA ELEMENTS--GENERAL INFORMATION
fixed length control field 130104s2012 xxk f 000 0 eng d
035 ## - SYSTEM CONTROL NUMBER
System control number (Sirsi) u157505
041 0# - LANGUAGE CODE
Language code of text/sound track or separate title eng
110 2# - MAIN ENTRY--CORPORATE NAME
Corporate name or jurisdiction name as entry element United Kingdom
Subordinate unit Department for Environment, Food and Rural Affairs
245 00 - TITLE STATEMENT
Title Consultation on the UK implementation of the EU Timber Regulation
Medium [electronic resource]
260 ## - PUBLICATION, DISTRIBUTION, ETC.
Place of publication, distribution, etc. London
Name of publisher, distributor, etc. DEFRA
Date of publication, distribution, etc. 2012
520 ## - SUMMARY, ETC.
Summary, etc. Seeks views on the proposed regulations for implementing the EU Timber Regulation in the UK. This regulation counters the trade in illegally harvested timber and timber products through three key obligations including prohibiting the placing on the EU market for the first time of illegally harvested timber and making traders keep records of suppliers and customers of products derived from such timber. The consultation ends on the 4 February 2013.
590 ## - LOCAL NOTE (RLIN)
Local note KA
651 #4 - SUBJECT ADDED ENTRY--GEOGRAPHIC NAME
Geographic name United Kingdom
690 ## - LOCAL SUBJECT ADDED ENTRY--TOPICAL TERM (OCLC, RLIN)
Topical term or geographic name as entry element Environment
9 (RLIN) 6238
690 ## - LOCAL SUBJECT ADDED ENTRY--TOPICAL TERM (OCLC, RLIN)
Topical term or geographic name as entry element Sustainability
9 (RLIN) 6271
856 40 - ELECTRONIC LOCATION AND ACCESS
Uniform Resource Identifier <a href="https://www.defra.gov.uk/consult/files/consult-paper-20121227.pdf">https://www.defra.gov.uk/consult/files/consult-paper-20121227.pdf</a>
Public note View the consultation free of charge at www.defra.gov.uk
942 ## - ADDED ENTRY ELEMENTS (KOHA)
Suppress in OPAC 0
Holdings
Withdrawn status Lost status Source of classification or shelving scheme Damaged status Not for loan Home library Current library Shelving location Date acquired Total Checkouts Full call number Barcode Date last seen Copy number Price effective from Koha item type
    Dewey Decimal Classification     Virtual Virtual Online 04/01/2013   ONLINE PUBLICATION 157505-2001 06/08/2019 1 06/08/2019 Book